Hawkeye Characters By Picture Quiz Stats

Quiz not verified by Sporcle

Challenge
Share
Tweet
Score 0/20 Timer 10:00
0 Plays Today
% Correct
Hawkeye (Clint Barton)
99.5%
Black Widow (Natasha Romanov)
97.9%
Captain America (Steve Rogers)
88.2%
Nick Fury jr.
87.9%
Iron Man (Tony Stark)
87.9%
The Avengers
87.2%
S.H.I.E.L.D.
86.9%
Falcon
86.4%
Ant-Man (Dr. Henry Pym)
85.2%
Bullseye
83.8%
% Correct
Mockingbird
77%
Hawkeye III (Kate Bishop)
69.8%
The Swordsman
62%
Viper
56.8%
Golden Archer/Hawkeye (Wyatt McDonald)
41.5%
Trick Shot (Barney Barton)
35.7%
Crossfire
25.3%
Trick Shot (Buck Chisholm)
22.8%
Dominic Fortune
17.4%
Death-Throws
10.9%

You're not logged in!

Compare scores with friends on all Sporcle quizzes.
Sign Up with Email
OR
Log In

You Might Also Like...

Show Comments

Extras

Top Quizzes Today


Score Distribution

Your Account Isn't Verified!

In order to create a playlist on Sporcle, you need to verify the email address you used during registration. Go to your Sporcle Settings to finish the process.